000 00805nam a2200265 a 4500
001 67898
003 BD-RjUL
005 20211209081714.0
008 170329s1969 ilu b 000 0 eng
035 _a(BD-RjUL)68107
040 _aDLC
_cDLC
_dBD-RjUL
_beng
041 _aeng
082 0 0 _a539.72162
_223
_bSAC 1969
100 1 _aSakurai, J. J.
_q(Jun John),
_d1933-1982.
_9201277
245 1 0 _aCurrents and mesons /
_cJ. J. Sakurai.
260 _aChicago :
_bUniversity of Chicago Press,
_c1969.
300 _a169 p. ;
_c21 cm.
504 _aIncludes bibliographical references.
650 0 _aMesons.
_9200633
650 0 _aAlgebra of currents.
_9201278
830 _aChicago lectures in physics
_9151448
942 _2ddc
_cBK
999 _c67898
_d67898